000 01057nam a2200301 i 4500
003 EG-GICUC
005 20260129142245.0
008 260129s1916 fr ||||fr|||| 000 0 fre d
040 _aEG-GiCUC
_bfre
_cEG-GiCUC
_dEG-GiCUC
_eRda
041 _afre
082 0 4 _221
_a341.81
_bZE . N
092 0 4 _221
099 _aLaw1 12 341.81 ZE . N 1916
100 1 _aZeballos, E.-s.
_eAuteur
245 1 3 _aLa Nationalité :
_b Au Point De Vue De La Législation Comparée Et Du Droit Privé Humain.
_nTome Troisième,
_pDenationalisation (Première Partie) /
_cE.-s. Zeballos.
264 1 _aParis :
_bRecueil Sirey,
_c1916.
300 _a866 page ;
_c 24 cm.
336 _2rda contenu
_a texte
337 _2rda medias
_aOrdinateur
338 _2 transporteur rda
_a Ressource en ligne
504 _aBibliography: pages 200-250. 240-220
546 _aTexte en français
650 1 4 _aNationalité
_xDroit international
_2qrmak
651 1 _2qrmak
856 4 0 _uhttps://fll.law.cu.edu.eg/fulltext/bks/B12-02321.pdf
905 _a79
942 _2ddc
_cBK
_e21
_n0
999 _c60046
_d60046